Ozvučovanie vonkajších priestorov : technický predpis : platí od 1. júla 1965 /

Hlavní autor: Zlámal, Jiří
Jazyk: Slovenština
Vydáno: Praha : Nakladatelství dopravy a spojů, 1965
Edice: Technické predpisy Ústrednej správy spojov
Fyzický popis: 60 s.
Knihy
Uloženo v:
LEADER 00859nam a22002532a 4500
001 001329014
003 CZ BrMZK
005 20130924084903.0
007 ta
008 130924s1965 xr er|||||||||||slo d
015 |a cnb000489298 
035 |a (OCoLC)42125495 
040 |a ABA001  |b cze  |c KLG001  |d ABA001  |d BOA001 
080 9 |a 534.84:621.314.2(083.9)=854 
100 1 |a Zlámal, Jiří  |4 aut 
245 1 0 |a Ozvučovanie vonkajších priestorov :  |b technický predpis : platí od 1. júla 1965 /  |c Jiří Zlámal 
260 |a Praha :  |b Nakladatelství dopravy a spojů,  |c 1965 
300 |a 60 s. 
490 1 |a Technické predpisy Ústrednej správy spojov 
830 0 |a Technické predpisy Ústrednej správy spojov 
910 |a BOA001  |b 2-0564.623 
990 |a BK 
991 |b 201309 
996 7 |b 2619019999  |c 2-0564.623  |l HP2  |r DEN  |n 0  |w 001363882  |u 000010  |a 1  |e BOA001  |j MZK50  |s A